BIBLIOTECA PODER JUDICIAL
Portal Judicial TDF

El avenimiento : (Registro nro. 5592)

000 -LEADER
fixed length control field 01548nab a22002537a 4500
003 - CONTROL NUMBER IDENTIFIER
control field OSt
005 - DATE AND TIME OF LATEST TRANSACTION
control field 20251219173052.0
008 - FIXED-LENGTH DATA ELEMENTS--GENERAL INFORMATION
fixed length control field 190429b xxu||||| |||| 00| 0 spa d
040 ## - CATALOGING SOURCE
Transcribing agency PJ
100 ## - MAIN ENTRY--PERSONAL NAME
9 (RLIN) 6571
Personal name Bonaven, Alejandra
245 13 - TITLE STATEMENT
Title El avenimiento :
Remainder of title la injerencia de la víctima en el proceso penal /
Statement of responsibility, etc Alejandra Bonaven.
260 ## - PUBLICATION, DISTRIBUTION, ETC. (IMPRINT)
Date of publication, distribution, etc Ciudad Autónoma de Buenos Aires :
Place of publication, distribution, etc Thomson Reuters La Ley,
Name of publisher, distributor, etc 2025.
300 ## - PHYSICAL DESCRIPTION
Extent p. 120-126
500 ## - GENERAL NOTE
General note Cita: AR/DOC/1350/2025.
505 ## - FORMATTED CONTENTS NOTE
Formatted contents note Sumario: I. Introducción.— II. Hechos y planteos de las cuestiones tratadas.— III. Breve explicación de la figura del avenimiento aplicable en el Cód. Proc. Penal de la Ciudad de Buenos Aires. Facultades del juez.— IV. Derecho de las víctimas en delitos que atentan contra su libertad sexual.— V. Conclusión.<br/>
505 ## - FORMATTED CONTENTS NOTE
Formatted contents note Fallo comentado: CPenal, Penal Juvenil, Contravencional y de Faltas, Ciudad Autónoma de Buenos Aires, sala II ~ 21/02/2025 ~ F. M., E. A. s/ 131 - Contactar menor de edad por intermedio de tecnologías para cometer delitos de integridad sexual s/ incidente de apelación.
505 ## - FORMATTED CONTENTS NOTE
Title Si te interesa el texto completo, solicitalo a koha@justierradelfuego.gov.ar
650 #0 - SUBJECT ADDED ENTRY--TOPICAL TERM
9 (RLIN) 343
Topical term or geographic name as entry element DERECHO PENAL
650 #0 - SUBJECT ADDED ENTRY--TOPICAL TERM
9 (RLIN) 4857
Topical term or geographic name as entry element GROOMING
650 #0 - SUBJECT ADDED ENTRY--TOPICAL TERM
9 (RLIN) 4885
Topical term or geographic name as entry element DERECHOS DE LA VÍCTIMA
650 #0 - SUBJECT ADDED ENTRY--TOPICAL TERM
9 (RLIN) 2730
Topical term or geographic name as entry element RÉGIMEN PENAL DE LA MINORIDAD
773 0# - HOST ITEM ENTRY
Host Biblionumber 2658
Host Itemnumber 3164
Title Revista de derecho penal y criminología. Nº 6 - Julio 2025
Place, publisher, and date of publication Ciudad Autónoma de Buenos Aires : Thomson Reuters La Ley, 2017-
International Standard Serial Number 00347914
942 ## - ADDED ENTRY ELEMENTS (KOHA)
Source of classification or shelving scheme
Koha item type Analítica Artículo de Revista

No hay ítems disponibles.

12 de Octubre 789 Ushuaia - Tel:  54(02901)441571
Horario de Atención: 8.00 a 17.00 hs. 
bibliotecaush@justierradelfuego.gov.ar
koha@justierradelfuego.gov.ar
Seguinos en nuestras redes @bibliojustdf 

Con tecnología Koha